The President and the public (Record no. 3923)
[ view plain ]
| 000 -LEADER | |
|---|---|
| fixed length control field | 00863cam a2200277 i 4500 |
| 001 - CONTROL NUMBER | |
| control field | 882942 |
| 003 - CONTROL NUMBER IDENTIFIER | |
| control field | OSt |
| 005 - DATE AND TIME OF LATEST TRANSACTION | |
| control field | 20230704155851.0 |
| 008 - FIXED-LENGTH DATA ELEMENTS--GENERAL INFORMATION | |
| fixed length control field | 801023s1981 lau b 000 0 eng |
| 010 ## - LIBRARY OF CONGRESS CONTROL NUMBER | |
| LC control number | 80026165 |
| 020 ## - INTERNATIONAL STANDARD BOOK NUMBER | |
| International Standard Book Number | 0807107956 : |
| Terms of availability | $15.95 |
| 040 ## - CATALOGING SOURCE | |
| Original cataloging agency | DLC |
| Transcribing agency | DLC |
| Modifying agency | DLC |
| 043 ## - GEOGRAPHIC AREA CODE | |
| Geographic area code | n-us--- |
| 050 00 - LIBRARY OF CONGRESS CALL NUMBER | |
| Classification number | JA84.U5 |
| Item number | T48 |
| 082 00 - DEWEY DECIMAL CLASSIFICATION NUMBER | |
| Classification number | 353.03/1 |
| Edition number | 19 |
| Item number | GRA |
| 100 1# - MAIN ENTRY--PERSONAL NAME | |
| Personal name | Thompson, Kenneth W., |
| Dates associated with a name | 1921-2013. |
| 245 14 - TITLE STATEMENT | |
| Title | The President and the public |
| Statement of responsibility, etc. | Doris A. Graber |
| 260 ## - PUBLICATION, DISTRIBUTION, ETC. (IMPRINT) | |
| Place of publication, distribution, etc. | Baton Rouge : |
| Name of publisher, distributor, etc. | Louisiana State University Press, |
| Date of publication, distribution, etc. | c1981. |
| 300 ## - PHYSICAL DESCRIPTION | |
| Extent | 219 p. ; |
| Dimensions | 24 cm. |
| 440 #0 - SERIES STATEMENT/ADDED ENTRY--TITLE | |
| Title | Miller Center series on the American presidency |
| 504 ## - BIBLIOGRAPHY, ETC. NOTE | |
| Bibliography, etc | Includes bibliographical references. |
| 650 #0 - SUBJECT ADDED ENTRY--TOPICAL TERM | |
| Topical term or geographic name as entry element | Political science |
| Geographic subdivision | United States. |
| 650 #0 - SUBJECT ADDED ENTRY--TOPICAL TERM | |
| Topical term or geographic name as entry element | Presidents |
| Geographic subdivision | United States. |
| 906 ## - LOCAL DATA ELEMENT F, LDF (RLIN) | |
| a | 7 |
| b | cbc |
| c | orignew |
| d | 1 |
| e | ocip |
| f | 19 |
| g | y-gencatlg |
| 942 ## - ADDED ENTRY ELEMENTS (KOHA) | |
| Source of classification or shelving scheme | Dewey Decimal Classification |
| Koha item type | Books |
| Withdrawn status | Lost status | Source of classification or shelving scheme | Damaged status | Not for loan | Home library | Current library | Date acquired | Total Checkouts | Full call number | Barcode | Date last seen | Price effective from | Koha item type |
|---|---|---|---|---|---|---|---|---|---|---|---|---|---|
| Dewey Decimal Classification | County Hall Archives | County Hall Archives | 07/04/2023 | 353.03/1 GRA | 10000655 | 07/04/2023 | 07/04/2023 | Books |
